01486nam a2200373 a 4500001001000000003000500010005001700015008004100032010001100073011001100084040000900095090001000104100003500114245015500149260004100304500006000345502006800405590003700473590004000510590004000550590004000590590004000630650002900670650005100699650004400750650005900794856001600853856007000869901000700939942001000946942000600956999001900962952013100981000114761CHAP20220329144456.0180410s2018 mx a fsm |||||||spa d a111222 a112194 cCHAP aTesis1 aBriones Ruiz, Gregorio913505910aEstrategia competitiva para fortalecer a pequeños productores de café del centro de Veracruz, México /h[En línea]cpor Gregorio Briones Ruiz. aChapingo, Méx. :bEl autor,c2018. aPara ver el contenido del material haga clic en la liga aTesis (Maestro en Estrategia Agroempresarial) -- UACH. CIESTAAM aBATCHb00c20181121lUCH01h0759 aE8697GMMb05c20180410lUCH01h0847 aE8697GMMb05c20180410lUCH01h0853 aE8697GMMb05c20180410lUCH01h0854 aE8697GMMb05c20180410lUCH01h094514aCaféxMercadeo.91716914aCaféxOrganización de productores.913216614aCaféxProducciónzVeracruz.913506314aOrganización de productoresxCapacitación.9134045 a1 n0001036 aFinding aiduhttp://10.13.5.2/tesis/sist114761.pdfzTeclea aquí aBK cTESIS n0 c111222d111222 00104054718TESISaBCbBCd2018-04-10fTESISl0oTesisp114762-10r2019-12-31 00:00:00w2019-12-31yTESISzRecien adquirido